| 000 | 00614nam a2200193 i 4500 | ||
|---|---|---|---|
| 001 | 000009814 | ||
| 005 | 20200929161721.0 | ||
| 008 | 780721s1977 ec a 000 0 spa | ||
| 010 | _a78104328 | ||
| 040 |
_aDO-SdBNP _cDLC _dDLC |
||
| 082 |
_aE861.44 _bG216d |
||
| 100 | 1 |
_aGarcía S., Mariana Cristina. _924719 |
|
| 245 | 1 | 0 |
_aDe la voz innumerable / _cMariana Cristina García S. |
| 260 |
_aQuito : _bEdit. Casa de la Cultura Ecuatoriana, _c1977. |
||
| 300 |
_a130 p. : _bill. ; _c28 cm. |
||
| 650 | 4 |
_aPoesìa ecuatoriana _913387 |
|
| 650 | 4 |
_aLiteratura ecuatoriana _93938 |
|
| 910 | _aCatalogación por copia / LC | ||
| 999 |
_c9573 _d9573 |
||